Looking at Movies (Record no. 4286)

MARC details
000 -LEADER
fixed length control field 00405nam a22001577a 4500
008 - FIXED-LENGTH DATA ELEMENTS--GENERAL INFORMATION
fixed length control field 250714b |||||||| |||| 00| 0 eng d
020 ## - INTERNATIONAL STANDARD BOOK NUMBER
ISBN 9780393932799
100 ## - MAIN ENTRY--AUTHOR
Author Barsam Richard
245 ## - TITLE STATEMENT
Title Looking at Movies
250 ## - EDITION STATEMENT
Edition statement 3rd
260 ## - PUBLICATION, DISTRIBUTION, ETC. (IMPRINT)
Place of publication New York
Name of publisher W.W. NORTON & COMPANY
Date of publication 2010
300 ## - COLLATION
Pagination xx, 600p.
Other physical details ill.
650 ## - TRACINGS
Main Subject Motion Pictures
Subdivision (1st) Cinematography
942 ## - ADDED ENTRY ELEMENTS (KOHA)
Item type Books
050 ## - LIBRARY OF CONGRESS CALL NUMBER
Classification number PN1994
Item number .B37
Holdings
Source of classification or shelving scheme Not for loan Permanent location Current location Date acquired Accession No. Full call number Barcode. Koha item type
Library of Congress Classification   Samuel Ogbemudia Main Library, University of Abuja Samuel Ogbemudia Main Library, University of Abuja 07/14/2025 2024/62248 PN1994.B37 2025-3041 Books
Library of Congress Classification   Samuel Ogbemudia Main Library, University of Abuja Samuel Ogbemudia Main Library, University of Abuja 07/14/2025 2024/62248 PN1994.B37 2025-3042 Books